Top 5 Football Recruits by State - 2021 - Statistics

General Stats
  • This quiz has been taken 3 times
    2 since last reset
  • The average score is 29 of 230
Answer Stats
State Player Rank/Pos. Current Team / Status % Correct
Wyoming Andrew Johnson #172 ATH Wyoming Cowboys
100%
California Brock Bowers #2 TE Las Vegas Raiders
100%
Washington, D.C. Caleb Williams #2 QB Chicago Bears
100%
North Carolina Drake Maye #4 QB New England Patriots
100%
Utah Jackson Powers-Johnson #13 IOL Las Vegas Raiders
100%
Florida James Williams Sr. #1 S Tennessee Titans
100%
Arkansas Jayden Williams #37 OT Ole Miss Rebels
100%
Missouri JK Johnson #5 CB Oklahoma State Cowboys
100%
Minnesota Joe Alt #20 OT Los Angeles Chargers
100%
Nebraska Keagan Johnson #22 ATH New Mexico Lobos
100%
Texas Quinn Ewers #1 QB Miami Dolphins
100%
Alabama Scooby Williams #4 EDGE Texas A&M Aggies
100%
Washington, D.C. Taizse Johnson #41 DL Free Agent
100%
Virginia Tyleik Williams #18 DL Detroit Lions
100%
North Carolina Will Shipley #4 RB Philadelphia Eagles
100%
Oklahoma AJ Green #3 ATH Arkansas Razorbacks
50%
Georgia Amarius Mims #3 OT Cincinnati Bengals
50%
Georgia Barrett Carter #1 LB Cincinnati Bengals
50%
Louisiana Brian Thomas Jr. #9 WR Jacksonville Jaguars
50%
Virginia Bryce Carter #14 DL Texas State Bobcats
50%
Illinois Bucky Irving #13 RB Tampa Bay Buccaneers
50%
New Mexico Chance Harris #139 QB Retired
50%
Maryland Chop Robinson #2 EDGE Miami Dolphins
50%
Washington, D.C. Colby McDonald #79 RB Free Agent
50%
Iowa Cooper DeJean #8 S Philadelphia Eagles
50%
Mississippi Deion Smith #8 WR Free Agent
50%
Kansas Devin Neal #14 RB New Orleans Saints
50%
Illinois Dominic Lovett #34 WR Detroit Lions
50%
Michigan Donovan Edwards #2 RB Washington Commanders
50%
Maryland Dont'e Thornton #11 WR Las Vegas Raiders
50%
Oregon Drew Carter #36 QB Retired
50%
Washington Emeka Egbuka #1 WR Tampa Bay Buccaneers
50%
Ohio Jack Sawyer #4 DL Pittsburgh Steelers
50%
New York Jahzion Harris #27 EDGE Dodge City CC Conquistadors
50%
Utah Jaxson Dart #13 QB New York Giants
50%
Massachusetts Josaiah Stewart #34 EDGE Los Angeles Rams
50%
Utah Kingsley Suamataia #6 OT Kansas City Chiefs
50%
Pennsylvania Kyle McCord #8 QB Philadelphia Eagles
50%
Louisiana Maason Smith #7 DL Jacksonville Jaguars
50%
Georgia Nyland Green #2 CB Arizona State Sun Devils
50%
Virginia TreVeyon Henderson #1 RB New England Patriots
50%
Arizona Ty Thompson #9 QB Tulane Green Wave
50%
West Virginia Wyatt Milum #15 OT Jacksonville Jaguars
50%
Indiana Aaron Steinfeldt #25 TE Free Agent
0%
Oklahoma Aden Kelley #25 DL Oklahoma State Cowboys
0%
International Alexander Honig #66 QB (GERM) Connecticut Huskies
0%
New Jersey Alijah Clark #10 CB Dallas Cowboys
0%
Idaho Ammon Munyer #118 TE Weber State Wildcats
0%
North Dakota Andrew Leingang #51 IOL Kansas State Wildcats
0%
Washington, D.C. Antwain Littleton II #70 RB Rhode Island Rams
0%
Alabama Armoni Goodwin #6 RB UT Martin Skyhawks
0%
New Jersey Audric Estimé #16 RB Philadelphia Eagles
0%
Kansas Austin Weiner #82 OT UNC Pembroke Braves
0%
Nebraska Avante Dickerson #11 CB Arkansas State Red Wolves
0%
North Dakota Barry Kpeenu #87 RB North Dakota State Bison
0%
Colorado Beau Freyler #54 S Free Agent
0%
Missouri Beau Stephens #36 OT Iowa Hawkeyes
0%
Nevada Benjamin Roy Jr. #65 IOL Massachusetts Minutemen
0%
Massachusetts Bennett Pitcher #41 OT Retired
0%
Illinois Ben Perry #9 S UCLA Bruins
0%
Texas Billy Bowman Jr. #2 ATH Atlanta Falcons
0%
Indiana Blake Fisher #11 OT Houston Texans
0%
International Brad Kemayou #87 CB (CAN) Free Agent
0%
Wisconsin Braelon Allen #45 LB New York Jets
0%
Arizona Bram Walden #9 OT Free Agent
0%
Georgia Brock Vandagriff #5 QB Retired
0%
West Virginia Bryce Biggs #131 OT Marshall Thundering Herd
0%
South Dakota Caden Ellingson #230 OT South Dakota Coyotes
0%
West Virginia Caleb Bryan #180 OT Free Agent
0%
Washington, D.C. Caleb Coombs #133 WR Jacksonville State Gamecocks
0%
South Dakota Chase Mason #45 QB South Dakota State Jackrabbits
0%
Louisiana Chris Hilton Jr. #5 WR LSU Tigers
0%
Iowa Connor Colby #11 IOL San Francisco 49ers
0%
Missouri Connor Tollison #19 OT Missouri Tigers
0%
Alaska Cooper Kriegmont #251 ATH Free Agent
0%
Idaho Cortland Horton #117 EDGE Free Agent
0%
Florida Dallas Turner #1 EDGE Minnesota Vikings
0%
Oregon Damir Collins #22 RB Western New Mexico Mustangs
0%
Michigan Damon Payne #9 DL Michigan Wolverines
0%
Illinois David Davidkov #8 OT Retired
0%
Kansas DaVonte Pritchard #72 ATH Retired
0%
Minnesota Davon Townley Jr. #35 DL Missouri State Bears
0%
Kentucky Dekel Crowdus #48 WR Wisconsin Badgers
0%
Arizona Denzel Burke #10 ATH Arizona Cardinals
0%
Alabama Deontae Lawson #3 LB Alabama Crimson Tide
0%
Pennsylvania Derrick Davis Jr. #5 S Pittsburgh Panthers
0%
Minnesota Deven Eastern #31 DL Minnesota Golden Gophers
0%
Tennessee Dietrick Pennington #9 IOL Clemson Tigers
0%
Arkansas D.J. Withers #62 DL Kansas Jayhawks
0%
Indiana Donaven McCulley #24 QB Michigan Wolverines
0%
Texas Donovan Jackson #1 IOL Minnesota Vikings
0%
Massachusetts Drew Kendall #12 IOL Philadelphia Eagles
0%
Arkansas Drey Norwood #21 CB Missouri Tigers
0%
Montana Dylan Rollins #129 OT Montana State Bobcats
0%
New York Elijah Fuentes-Cundiff #174 DL Syracuse Orange
0%
Tennessee Eli Sutton #24 OT Austin Peay Governors
0%
Illinois Enrique Cruz Jr. #23 OT Kansas Jayhawks
0%
Colorado Erik Olsen #24 TE Free Agent
0%
California Ethan Calvert #11 LB Cal Poly Mustangs
0%
Oklahoma Ethan Downs #9 EDGE Kansas City Chiefs
0%
International Francisco Mauigoa #152 LB (AS) New York Jets
0%
Missouri Gabriel Rubio #21 DL Notre Dame Fighting Irish
0%
West Virginia Gage Michael #183 QB Fairmont State Fighting Falcons
0%
Michigan Garrett Dellinger #13 OT Cleveland Browns
0%
Kansas Gaven Haselhorst #56 LB Fort Hays State Tigers
0%
Kentucky Gavin Wimsatt #25 QB Jacksonville State Gamecocks
0%
Alaska Georgia Mageo #138 EDGE Free Agent
0%
Michigan Giovanni El-Hadi #12 OT Michigan Wolverines
0%
Wisconsin Hunter Wohler #12 S Indianapolis Colts
0%
Alaska Isaako Manu #183 OT Retired
0%
Montana Jace Klucewich #203 ATH Retired
0%
Kentucky Jack Dingle #53 LB Cincinnati Bearcats
0%
Wisconsin Jackson Acker #32 ATH Wisconsin Badgers
0%
New York Jaelin Moss #145 DL Retired
0%
Kentucky Jager Burton #3 IOL Kentucky Wildcats
0%
North Carolina Jahvaree Ritzie #11 DL New England Patriots
0%
Tennessee Jake Briningstool #3 TE Kansas City Chiefs
0%
Minnesota Jake Ratzlaff #41 LB St. Thomas Tommies - Hockey
0%
Nebraska James Carnie #16 TE Concordia Bulldogs
0%
Delaware James Yelbert Jr. #304 DL Delaware Blue Hens
0%
Kentucky Jantzen Dunn #7 S Kentucky Wildcats
0%
Florida Jason Marshall Jr. #3 CB Miami Dolphins
0%
Rhode Island Jason Onye #44 EDGE Notre Dame Fighting Irish
0%
Texas Ja'Tavion Sanders #1 ATH Carolina Panthers
0%
Ohio Jayden Ballard #4 WR Wisconsin Badgers
0%
Florida JC Latham #1 OT Tennessee Titans
0%
Utah Jeffrey Bassa #29 S Kansas City Chiefs
0%
Connecticut Jeffrey Davis Jr. #36 CB Free Agent
0%
Pennsylvania Jeremiah Trotter Jr. #6 LB Philadelphia Eagles
0%
South Carolina J.J. Jones #49 WR Free Agent
0%
Mississippi John Lewis #19 LB West Virginia Mountaineers
0%
Idaho Jonah Elliss #69 LB Denver Broncos
0%
Arizona Jonah Miller #18 IOL UTSA Roadrunners
0%
Alaska Jordan Holland #305 ATH Free Agent
0%
Oklahoma Jordan Mukes #10 S Abilene Christian Wildcats
0%
North Carolina Jordan Poole #10 LB Nicholls Colonels
0%
Indiana Joshua Sales Jr. #53 OT Austin Peay Governors
0%
Wisconsin JP Benzschawel #16 OT Wisconsin Badgers
0%
Washington JT Tuimoloau #1 DL Indianapolis Colts
0%
Washington Julien Simon #16 LB Free Agent
0%
Tennessee Junior Colson #13 LB Los Angeles Chargers
0%
South Carolina Justus Boone #28 DL Arkansas Razorbacks
0%
Mississippi Kadarius Calloway #8 ATH New Mexico State Aggies
0%
Hawaii Kahanu Kia #94 LB Notre Dame Fighting Irish
0%
Connecticut Kechaun Bennett #49 DL UCLA Bruins
0%
North Carolina Keeshawn Silver #6 DL USC Trojans
0%
Oregon Keith Brown #14 LB Washington State Cougars
0%
Montana Kellen Detrick #247 LB Montana Grizzlies
0%
Virginia Kelvin Gilliam Jr. #11 EDGE Virginia Tech Hokies
0%
Oklahoma Kendal Daniels #4 S Oklahoma Sooners
0%
Montana Kenneth Eiden IV #185 ATH Montana State Bobcats
0%
New Jersey Khayri Banton #20 LB Free Agent
0%
South Carolina Kobe Paysour #81 WR North Carolina Tar Heels
0%
Nebraska Koby Bretz #47 S South Dakota State Jackrabbits
0%
Alabama Kool-Aid McKinstry #1 CB New Orleans Saints
0%
California Korey Foreman #2 DL Fresno State Bulldogs
0%
Hawaii Kuao Peihopa #104 DL Hawai'i Rainbow Warriors
0%
Maryland Landon Tengwall #10 OT Retired
0%
New Mexico Larry Luna #198 OT Retired
0%
Alabama Lee Hunter #15 DL Texas Tech Red Raiders
0%
Florida Leonard Taylor III #3 DL New York Jets
0%
Utah Logan Fano #21 EDGE Utah Utes
0%
Pennsylvania Lonnie White Jr. #10 WR Greensboro Grasshoppers - MiLB
0%
Ohio Lorenzo Styles Jr. #18 WR Ohio State Buckeyes
0%
Massachusetts Louis Hansen #28 TE Connecticut Huskies
0%
Wisconsin Loyal Crawford #44 RB Retired
0%
Mississippi Luke Altmyer #30 QB Illinois Fighting Illini
0%
Nevada Ma'a Gaoteote #48 LB Free Agent
0%
New York Malik Matthew #83 LB Free Agent
0%
Arkansas Marco Avant #76 LB Free Agent
0%
Hawaii Mason Tufaga #47 LB Retired
0%
Connecticut Matt Gulbin #47 IOL Michigan State Spartans
0%
Ohio Michael Hall Jr. #8 DL Cleveland Browns
0%
Nevada Michael Jackson III #64 WR Purdue Boilermakers
0%
Mississippi MJ Daniels #9 ATH Deceased
0%
Nevada Moliki Matavao #6 TE New Orleans Saints
0%
Maryland Monkell Goodwine #17 DL South Carolina Gamecocks
0%
Oregon Nathan Rawlins-Kibonge #22 DL Free Agent
0%
Montana Neil Daily #263 LB Montana State Bobcats
0%
Kansas Noah Bolticoff #43 IOL North Alabama Lions
0%
Pennsylvania Nolan Rucci #5 OT Penn State Nittany Lions
0%
South Carolina O'Mega Blake #92 WR Arkansas Razorbacks
0%
Washington Owen Prentice #8 IOL Retired
0%
Alaska Pedro Timoteo #99 OT Portland State Vikings
0%
Tennessee Prince Kollie #12 LB Vanderbilt Commodores
0%
California Raesjon Davis #9 LB Oregon State Beavers
0%
South Dakota Randolph Kpai #35 LB New Mexico Lobos
0%
South Dakota Reece Burckhard #129 TE Free Agent
0%
Ohio Reid Carrico #8 LB West Virginia Mountaineers
0%
Minnesota Riley Mahlman #7 OT Wisconsin Badgers
0%
Michigan Rocco Spindler #7 IOL Nebraska Cornhuskers
0%
Louisiana Sage Ryan #3 S Ole Miss Rebels
0%
Louisiana Sai'vion Jones #10 EDGE Denver Broncos
0%
New Mexico Sam Carrell #201 DL Rice Owls
0%
Colorado Sam Hart #19 TE Free Agent
0%
Washington Sam Huard #3 QB USC Trojans
0%
Oregon Sam Vidlak #35 QB Stephen F. Austin Lumberjacks
0%
New York Seven McGee #31 RB BC Lions
0%
New Jersey Shaquan Loyal #29 CB Free Agent
0%
Georgia Smael Mondon Jr. #2 LB Philadelphia Eagles
0%
Arizona Steven Ortiz #24 CB Free Agent
0%
Nebraska Teddy Prochazka #46 OT Nebraska Cornhuskers
0%
Colorado Terrance Ferguson #10 TE Los Angeles Rams
0%
Arkansas Terry Wells #31 OT Free Agent
0%
Iowa Thomas Fidone #1 TE New York Giants
0%
Nevada Tiaoalii Savea #46 DL Arizona Wildcats
0%
Idaho Titan Fleischmann #124 TE Montana State Bobcats
0%
Hawaii Titus Mokiao-Atimalala #20 ATH UCLA Bruins
0%
Iowa T.J. Bollers #18 EDGE California Golden Bears
0%
Massachusetts TJ Guy #37 EDGE Michigan Wolverines
0%
Maryland Tommy Akingbesote #20 DL Free Agent
0%
Texas Tommy Brockermeyer #2 OT Free Agent
0%
Missouri Travion Ford #19 EDGE Toledo Rockets
0%
New Mexico Tre Watson #117 TE Free Agent
0%
Colorado Trey Zuhn III #25 OT Texas A&M Aggies
0%
Connecticut Tristan Bounds #47 OT Arizona Wildcats
0%
Virginia Tristan Leigh #4 OT Clemson Tigers
0%
International Tristan Michaud #143 WR (CAN) Free Agent
0%
California Troy Franklin #3 WR Denver Broncos
0%
South Dakota Tyler Feldkamp #307 WR Duquesne Dukes
0%
New Mexico Tyler Kiehne #160 DL Free Agent
0%
Iowa Tyler Moore #9 TE Iowa State Cyclones
0%
South Carolina Tyrion Ingram-Dawkins #5 DL Minnesota Vikings
0%
New Jersey Tywone Malone Jr. #16 DL Ohio State Buckeyes
0%
International Victor Wikstrom #37 TE (SWED) Free Agent
0%
Connecticut Wilfredo Aybar #24 EDGE Stanford Cardinal
0%
Hawaii Wynden Ho'ohuli #22 LB Hawai'i Rainbow Warriors
0%
Idaho Zack Black #118 EDGE Montana State Bobcats
0%
West Virginia Zeiqui Lawton #70 DL Sam Houston Bearkats
0%
Indiana Zen Michalski #21 OT Indiana Hoosiers
0%
No matching quizzes found
Score Distribution
Percent of People with Each Score
Percentile by Number Answered
Your Score History
You have not taken this quiz since the last reset